Giáo trình tiếng Việt và tiếng Việt thực hành
Giới thiệu đại cương về tiếng Việt. Trình bày các kiến thức cơ bản về ngữ âm học tiếng Việt, từ vựng, ngữ pháp, văn bản, phong cách học trong tiếng Việt.
Bewaard in:
| Hoofdauteur: | |
|---|---|
| Andere auteurs: | , |
| Formaat: | Boek |
| Taal: | Vietnamese |
| Gepubliceerd in: |
H.
Đại học Sư phạm
2016
|
| Editie: | In lần thứ 9 |
| Onderwerpen: | |
| Tags: |
Voeg label toe
Geen labels, Wees de eerste die dit record labelt!
|
| Thư viện lưu trữ: | Mạng thư viện Đại học Đà Nẵng |
|---|
| LEADER | 01500nam a2200361 4500 | ||
|---|---|---|---|
| 001 | 000025347 | ||
| 003 | 21840 | ||
| 005 | 20170929150925.0 | ||
| 008 | 170929s2016 viesd | ||
| 020 | |a 978-604-54-0825-4 |c 39000đ | ||
| 041 | 0 | |a vie | |
| 082 | 1 | 4 | |a 372.6 |b LA-L |
| 100 | 1 | |a Lã Thị Bắc Lý | |
| 245 | 1 | 0 | |a Giáo trình tiếng Việt và tiếng Việt thực hành |c Lã Thị Bắc Lý, Phan Thị Hồng Xuân, Nguyễn Thị Thu Nga |
| 250 | |a In lần thứ 9 | ||
| 260 | |a H. |b Đại học Sư phạm |c 2016 | ||
| 300 | |a 176 tr. |b bảng |c 24 cm. | ||
| 520 | 3 | |a Giới thiệu đại cương về tiếng Việt. Trình bày các kiến thức cơ bản về ngữ âm học tiếng Việt, từ vựng, ngữ pháp, văn bản, phong cách học trong tiếng Việt. | |
| 650 | 0 | 4 | |a Giáo dục mầm non |v Giáo trình |x Tiếng Việt |
| 650 | 0 | 4 | |a Tiếng Việt |v Giáo trình |x Dạy và học |
| 653 | |a Tiếng Việt thực hành | ||
| 700 | 1 | |a Nguyễn Thị Thu Nga | |
| 700 | 1 | |a Phan Thị Hồng Xuân | |
| OWN | |a LSP | ||
| AVA | |a UDN50 |b LSP |d 372.6 LA-L |e available |t Error 5001 Not defined in file expand_doc_bib_avail. |f 5 |g 1 |h N |i 25 |k 1 | ||
| 999 | |a From the UDN01 | ||
| AVA | |a UDN50 |b LSP |d 372.6 LA-L |e available |t Error 5001 Not defined in file expand_doc_bib_avail. |f 5 |g 1 |h N |i 25 |k 1 | ||
| TYP | |a Monograph | ||
| TYP | |a Printed language | ||
| 980 | |a Mạng thư viện Đại học Đà Nẵng | ||


